Normal view
MARC view
Entry Uniform Title
001 - CONTROL NUMBER
- control field: 10912
003 - CONTROL NUMBER IDENTIFIER
- control field: TZ-ArACH
005 - DATE AND TIME OF LATEST TRANSACTION
- control field: 20130522171945.0
008 - FIXED-LENGTH DATA ELEMENTS
- fixed length control field: 130522|||a|||||| | ||| d
040 ## - CATALOGING SOURCE
- Original cataloging agency: TZ-ArACH
- Transcribing agency: TZ-ArACH
130 ## - HEADING--UNIFORM TITLE
- Uniform title: Convention de sauvegarde des droits de l'homme et des libertés fondamentales (1950)
670 ## - SOURCE DATA FOUND
- Source citation: Work cat.: (TZ-ArACH)2338: Annales d'études européennes de l'Université catholique de Louvain :, 2000.
670 ## - SOURCE DATA FOUND
- Source citation: Work cat.: (TZ-ArACH)2338: Annales d'études européennes de l'Université catholique de Louvain :, 2000.
